LEADER 02063nam2 22005053i 450 001 VAN00288381 005 20250422102529.392 017 70$2N$a9784431681724 100 $a20250305d1991 |0itac50 ba 101 $aeng 102 $aJP 105 $a|||| ||||| 181 $ai$b e 182 $ab 183 $acr 200 1 $aAlgebraic Geometry and Analytic Geometry$eProceedings of a Conference held in Tokyo, Japan August 13-17, 1990 $fA. Fujiki ... [et al.] (Eds.) 210 $aTokyo [etc.]$cSpringer-Verlag$d1991 215 $a260 p.$d25 cm 461 1$1001VAN00288379$12001 $aICM-90 Satellite Conference Proceedings$1210 $aTokyo [etc.]$cSpringer-Verlag$d1991$1215 $a4 volumi$d25 cm$1300 $aI curatori variano 606 $a00Bxx$xConference proceedings and collections of articles [MSC 2020]$3VANC021742$2MF 606 $a14-XX$xAlgebraic geometry [MSC 2020]$3VANC019702$2MF 610 $aAbelian varieties$9KW:K 610 $aAlgebraic Geometry$9KW:K 610 $aCharacters$9KW:K 610 $aDifferential equations$9KW:K 610 $aEquations$9KW:K 610 $aFibrations$9KW:K 610 $aForms$9KW:K 610 $aMathematics$9KW:K 610 $aMonodromy$9KW:K 610 $aOrdinary Differential Equations$9KW:K 610 $aPresentations$9KW:K 610 $aSheaves$9KW:K 610 $aSociety$9KW:K 620 $dTokyo$3VANL000048 702 1$aFujiki$bAkira$3VANV242996$4340 712 $aSpringer $3VANV108073$4650 801 $aIT$bSOL$c20250829$gRICA 856 4 $uhttps://doi.org/10.1007/978-4-431-68172-4$zE-book ? Accesso al full-text attraverso riconoscimento IP di Ateneo, proxy e/o Shibboleth 899 $aBIBLIOTECA DEL DIPARTIMENTO DI MATEMATICA E FISICA$1IT-CE0120$2VAN08 912 $fN 912 $aVAN00288381 950 $aBIBLIOTECA DEL DIPARTIMENTO DI MATEMATICA E FISICA$d08DLOAD e-Book 10919 $e08eMF10919 20250328 996 $aAlgebraic Geometry and Analytic Geometry$94315800 997 $aUNICAMPANIA LEADER 01300nam0 22003251i 450 001 VAN00041252 005 20240806100417.86 010 $a88-203-2502-0 100 $a20060227d1998 |0itac50 ba 101 $aita 102 $aIT 105 $a|||| ||||| 200 1 $aCronologia, cronografia e calendario perpetuo$edal principio dell'era cristiana ai nostri giorni$fAdriano Cappelli 205 $a7. ed. riv.$bcorr. e ampliata$fa cura di Marino Viganò 210 $aMilano$cHoepli$d[1998] 215 $a[36], 688 p.$d22 cm$e1 floppy disk. 410 1$1001VAN00031924$12001 $aManuali Hoepli 606 $aCronografia$3VANC016619$2FI 606 $aCronologia$3VANC016618$2FI 620 $dMilano$3VANL000284 676 $a902.02$v21 700 1$aCappelli$bAdriano$3VANV024158$0206528 702 1$aViganò$bMarino$3VANV034129 712 $aHoepli $3VANV108498$4650 801 $aIT$bSOL$c20260313$gRICA 899 $aBIBLIOTECA DEL DIPARTIMENTO DI LETTERE E BENI CULTURALI$1IT-CE0103$2VAN07 912 $aVAN00041252 950 $aBIBLIOTECA DEL DIPARTIMENTO DI LETTERE E BENI CULTURALI$d07CONS Ud 351 $e07 350 20060530 996 $aCronologia, cronografia e calendario perpetuo$9226835 997 $aUNICAMPANIA